1352 1179 1161 1124 1002 1525 1542 1809 1708 1040 1951 1882 1313 1670 1940 1976 1131 1134 1351 1532 1894 1480 1476 1886 1120 1492 1797 1966 1893 1330 1380 1124 1460 1805 1519 1164 1394 1848 1932 1053 1660 1123 1921 1566 1724 1646 1202 1617 1030 1472 1760 1962 1280 1024 1542 1264 1624 1658 1476 1357 1121 1305 1774 1985 1344 1352 1092 1258 1122 1585 1361 1867 1236 1530 1750 1912 1891 1194 1139 1467 1636 1588 1133 1101 1129 1921 1534 1476 1313 1482 1893 1934 1611 1447 1306 1232 1733 1671 1666 BCNSPRNW ULIB Ver.6.0+V

เปลี่ยนเป็นภาษาไทย

Change to English
 แสดงรายละเอียดบรรณานุกรม
  กลับหน้าหลัก

Brief Record : Get Marc (ISO 2709) : E-mail record : QR code < ปิดหน้าต่าง
LEADER : 00000nam 2200000uu 4500
001    13399110829
003     ULIB
008    110609s2550||||th 000 0 tha d
020    9789740905172
060 04 WS113^bว849ส 2550
100 0  วีรศักดิ์ ชลไชย
245 10 สารพันปัญหาลูกน้อย/^cวีรศักดิ์ ชลไชย
250    พิมพ์ครั้งที่ 1
260    กรุงเทพฯ :^bคณะแพทยศาสตร์ จุฬาลงกรณ์มหาวิทยาลัย,^c2550
710 2  จุฬาลงกรณ์มหาวิทยาลัย^bคณะแพทย์ศาสตร์
945    ^p90^l0^i025652
945    ^p90^l0^i025651
945    ^p90^l0^i025650
995    ทศพร
999 ^a ใช้งานได้ทุกระบบ
รายการนี้ยังไม่มีแท็ก
คุณยังไม่ได้ล็อกอิน คุณสามารถมีกิจกรรมร่วมกับเว็บไซต์ได้ แต่ต้องล็อกอินก่อน ::
  ล็อกอิน

รายการสื่อสารสนเทศ

ลำดับที่ ประเภท เลขเรียก/บาร์โค้ด สถานที่ สถานะ
- ไม่พบข้อมูล -

รายการใกล้เคียง
    ผู้แต่ง [วีรศักดิ์ ชลไชย]

BibComment


ยังไม่เคยถูกคอมเมนท์

คอมเมนท์ทรัพยากรรายการนี้
  คอมเมนท์: สารพันปัญหาลูกน้อ..


 Copyright 2026. Bcnsprnw @Library